Countries by Consonants - Statistics

General Stats
  • This quiz has been taken 78,752 times
  • The average score is 10 of 20
Answer Stats
Consonants Country % Correct
FJ {Fiji}
98%
CMRN {Cameroon}
96%
LBNN {Lebanon}
96%
BHTN {Bhutan}
94%
PRTGL {Portugal}
88%
GTML {Guatemala}
86%
NMB {Namibia}
80%
SML {Somalia}
67%
MRTN {Mauritania}
49%
NR {Nauru}
46%
SNMRN {San} {Marino}
41%
MN {Oman}
34%
RN {Iran}
33%
GND {Uganda}
31%
LBN {Albania}
26%
SRL {Israel}
20%
STR {Austria}
14%
NTDSTTS {United} {States}
14%
VRCST {Ivory} {Coast}
13%
STTMR {East} {Timor}
8%
No matching quizzes found
Score Distribution
Percent of People with Each Score
Percentile by Number Answered
Your Score History
You have not taken this quiz